Протокол № 480 заседания Малого Совета Народных Комиссаров от 25 мая 1920 года и материалы к протоколу. Фотокопия и копия. (Подл...

Доступно только в Электронных читальных залах Найти на картеНа карте
RUSMARC
00004349nac2a22003011x 450
001f56e0225-8acb-4cae-8212-2a6feabbe521
00520160321210333.0
100##$a20160114l1920 k y0rusy50 ca
1010#$arus
102##$aRU
105##$ay z |||||
1220#$ad19200525
2001#$aПротокол № 480 заседания Малого Совета Народных Комиссаров от 25 мая 1920 года и материалы к протоколу. Фотокопия и копия. (Подлинник за подписью В. И. Ленина)
$j25 мая 1920
215##$a73 листа
251##$cДело
300##$aЗаголовок дела на папке: Протокол № 480 заседания Малого Совета Народных Комиссаров от 25 мая 1920 года и материалы к протоколу. (Подлинник)
300##$aЛисты: 17, 25, 27, 38, 47 - красные чернила
300##$aРукописный и машинописный текст
324##$aВ деле имеются фотокопия и копия протокола и копии отдельных документов
330##$aВходит в раздел описи: Протоколы Малого Совета Народных Комиссаров. 1920 год
461#0$1001ad6baeac-e292-4829-90d1-2f4f65796a62
$12001
$aСОВЕТ НАРОДНЫХ КОМИССАРОВ РСФСР (СНК РСФСР)
$1251
$cФонд
$1852
$j130
$gР
462#0$10017393eac8-aea5-4181-b014-0a5beab45138
$12001
$a1920 г.
$vД. 696
$1251
$cОпись
$1852
$j4
5171#$aПротокол № 480 заседания Малого Совета Народных Комиссаров от 25 мая 1920 года и материалы к протоколу. (Подлинник)
600#1$aЛенин
$bВ. И.
$f1870-1924
$gВладимир Ильич
60101$3RU\NLR\AUTH\661074810
$aРСФСР
$bСовет Народных Комиссаров
801#0$aRU
$bGA_RF
801#1$aRU
$bНПО Опыт
$c20160114
$2rusmarc
801#2$aRU
$bПБ им. Б.Н. Ельцина
$c20160321
$gRCR
$2rusmarc
852##$aГА РФ
$j696
937##$d68580881
$hПБ
035##$aRuPRLIB51036410
Формат отображения